| 000 | 00431nam a2200157 a 4500 | ||
|---|---|---|---|
| 005 | 20210219145758.0 | ||
| 008 | 991125s1975 mx 000 0 spa u | ||
| 035 | _aUPN01000000701 | ||
| 049 | _aCG | ||
| 050 | 4 |
_aE125 C4 _bA27 |
|
| 245 | 0 | 0 | _aActualidad de Bartolomé de las Casas. |
| 260 |
_aMéxico : _bFomento Editorial Banamex, _c1975. |
||
| 300 |
_a72 p. : _bil. |
||
| 600 | 1 | 4 |
_aCASAS, BARTOLOME DE LAS, _d1474-1566 |
| 905 | _aLibro | ||
| 999 |
_c701 _d701 |
||